Stormlight Archive - Roshar Map Quiz - Statistics

General Stats
  • This quiz has been taken 336 times
  • The average score is 14 of 34
Answers on the Map
Answers color-coded by a green-red scale on the quiz's map according to % correct below.
 
Answer Stats
Answer % Correct
Alethkar
89%
Jah Keved
80%
Shinovar
79%
Kharbranth
73%
Reshi Isles
73%
Aimia
71%
Shattered Plains
70%
Theylenah
70%
Herdaz
67%
Purelake
66%
Frostlands
63%
New Natan
60%
Azir
57%
Iri
56%
Unclaimed Hlls
55%
Rira
41%
Emul
32%
Bavland
30%
Marabethia
28%
Steen
28%
Urithiru
28%
Babatharnum
24%
Tu Bayla
24%
Tukar
24%
Liafor
20%
Tashikk
20%
Greater Hexi
17%
Yezier
16%
Marat
15%
Tu Fallia
15%
Desh
14%
Alm
11%
Triax
10%
Yulay
10%
No matching quizzes found
Score Distribution
Percent of People with Each Score
Percentile by Number Answered
Your Score History
You have not taken this quiz